| 000 | 00477 a2200157 4500 | ||
|---|---|---|---|
| 005 | 20250320101921.0 | ||
| 020 | _a978-0-07-351186-3 | ||
| 082 | _a659.2 LAT | ||
| 100 | _aLATTTIMORE, D. | ||
| 245 | _aPublic Relations: The Profession and the Practice | ||
| 250 | _a2nd Ed. | ||
| 260 |
_aBoston, _bMcGraw-Hill, _c2007. |
||
| 300 |
_axxiv, 420p., ill., picture, table, figure, _bGlossary, index _c25cm. |
||
| 700 | _aBASKIN, O.; HEIMAN, S. T. & TOTH, E. L. | ||
| 942 |
_2ddc _cBKS |
||
| 999 |
_c1026 _d1026 |
||